Mapa państw odwiedzonych przez Indiana Jonesa - Statystyki

Ogólne statystyki
  • Ten quiz został rozwiązany 2 739 razy
  • Średni wynik to 18 z 23
Odpowiedzi na mapie
Odpowiedzi zakodowano w zielono-czerwonej skali na mapie do tego quizu, zgodnie z poniższymi procentami.
 
Statystyki odpowiedzi
Country % Poprawnych
Stany Zjednoczone
100%
Niemcy
98%
Egipt
96%
Indie (Wielka Brytania)
96%
Portugalia
96%
Peru
95%
Włochy
95%
Brazylia
94%
Chiny
94%
Wielka Brytania
92%
Filipiny (Stany Zjednoczone)
88%
Grecja
88%
Irak
88%
Meksyk
88%
Austria
87%
Nepal
83%
Madagaskar (Francja)
77%
Honduras
68%
Kuba
65%
Hawaje (Stany Zjednoczone)
56%
Azory (Portugalia)
32%
Nowa Fundlandia (Wielka Brytania)
28%
Hatay
8%
Nie znaleziono quizów pasujących do podanych kryteriów
Rozkład punktacji
Procent ludzi z każdym wynikiem
Percentyl według liczby udzielonych odpowiedzi
Twoja historia wyników
Nie rozwiązałeś tego quizu